[Event "CAN-ch U16"]
[Site "Windsor"]
[Date "2016.07.06"]
[Round "2.14"]
[White "Fan Run, Kun"]
[Black "Gillan, Rahma"]
[Result "1-0"]
[WhiteElo "1862"]
[BlackElo "1494"]
[PlyCount "115"]
[EventDate "2016.07.05"]
[EventType "swiss"]
[EventRounds "7"]
[EventCountry "CAN"]
[SourceTitle "EXT 2022"]
[Source "ChessBase"]
[SourceDate "2021.10.06"]
[SourceVersion "1"]
[SourceVersionDate "2021.10.06"]
[SourceQuality "1"]

1. c4 c5 2. Nc3 Nc6 3. g3 d6 4. Bg2 Bd7 5. Nf3 Nf6 6. b3 e6 7. Bb2 Be7 8. 0-0 0-0 9. e3 Rb8 10. d4 cxd4 11. exd4 d5 12. cxd5 exd5 13. Ne5 Be6 14. Rc1 Rc8 15. Re1 Qb6 16. Na4 Qd8 17. Nxc6 Rxc6 18. Rxc6 bxc6 19. Qc1 Bd7 20. Ba3 Re8 21. Bxe7 Rxe7 22. Nc5 Bc8 23. Nd3 Rxe1+ 24. Qxe1 Qd7 25. Ne5 Qe6 26. Qa5 g6 27. Qxa7 Kg7 28. Qc7 Bd7 29. a4 Qf5 30. Nxd7 Qxd7 31. Qxd7 Nxd7 32. a5 Kf8 33. Bh3 Ke7 34. Bxd7 Kxd7 35. b4 f5 36. Kf1 g5 37. Ke1 Kc7 38. h4 h6 39. hxg5 hxg5 40. g4 f4 41. Kd2 Kb7 42. Kc2 Ka6 43. Kb2 Kb7 44. Ka3 Ka7 45. Ka4 Ka6 46. f3 Kb7 47. b5 c5 48. dxc5 Kc7 49. Kb3 d4 50. Kc4 Kb7 51. Kxd4 Kc7 52. a6 Kb8 53. b6 Ka8 54. a7 Kb7 55. c6+ Ka8 56. c7 Kb7 57. a8Q+ Kxa8 58. c8Q# 1-0